| 000 | 01402nam a2200349 a 4500 | ||
|---|---|---|---|
| 001 | ebr10512019 | ||
| 003 | CaPaEBR | ||
| 006 | m u | ||
| 007 | cr cn||||||||| | ||
| 008 | 111212s2009 sz ss 000 0 eng d | ||
| 020 | _z9789221217992 | ||
| 020 | _z9789221218005 (e-book) | ||
| 040 |
_aCaPaEBR _cCaPaEBR |
||
| 035 | _a(OCoLC)769189997 | ||
| 043 |
_acl----- _acc----- |
||
| 050 | 1 | 4 |
_aHD8110.5 _b.A615 2009eb |
| 245 | 0 | 0 |
_a2008 labour overview _h[electronic resource] : _bLatin America and the Caribbean. |
| 250 | _a1st ed. | ||
| 260 |
_aGeneva : _bInternational Labour Office, Regional Office for Latin America and the Caribbean, _c2009. |
||
| 300 | _avi, 117 p. | ||
| 490 | 0 |
_aLabour overview : Latin America and the Caribbean, _x1020-3923 |
|
| 533 |
_aElectronic reproduction. _bPalo Alto, Calif. : _cebrary, _d2011. _nAvailable via World Wide Web. _nAccess may be limited to ebrary affiliated libraries. |
||
| 650 | 0 |
_aLabor _zLatin America. |
|
| 650 | 0 |
_aLabor _zLatin America _vStatistics. |
|
| 650 | 0 |
_aLabor _zCaribbean Area. |
|
| 650 | 0 |
_aLabor _zCaribbean Area _vStatistics. |
|
| 650 | 0 |
_aWorking class _zLatin America. |
|
| 650 | 0 |
_aWorking class _zCaribbean Area. |
|
| 655 | 7 |
_aElectronic books. _2local |
|
| 710 | 2 | _aebrary, Inc. | |
| 856 | 4 | 0 |
_uhttp://site.ebrary.com/lib/rucke/Doc?id=10512019 _zAn electronic book accessible through the World Wide Web; click to view |
| 999 |
_c119465 _d119465 |
||